मरणात खरोखर जग जगते. (Record no. 777643)

MARC details
000 -LEADER
fixed length control field 00676nam a2200181Ia 4500
008 - FIXED-LENGTH DATA ELEMENTS--GENERAL INFORMATION
fixed length control field 100921s9999 xx 000 0 und d
082 ## - DEWEY DECIMAL CLASSIFICATION NUMBER
Item number 28530
Classification number 120 थ 94
100 ## - MAIN ENTRY--PERSONAL NAME
Personal name सामंत बाळ.
245 ## - TITLE STATEMENT
Title मरणात खरोखर जग जगते.
260 ## - PUBLICATION, DISTRIBUTION, ETC. (IMPRINT)
Name of publisher, distributor, etc परचुरे प्रकाशन,मुंबई.
Date of publication, distribution, etc 1994
300 ## - PHYSICAL DESCRIPTION
Extent 432
Other physical details ---
365 ## - TRADE PRICE
Price amount 300
520 ## - SUMMARY, ETC.
Summary, etc तत्वज्ञान-जीवन-मरण.
630 ## - SUBJECT ADDED ENTRY--UNIFORM TITLE
Uniform title मरणात खरोखर जग जगते.
650 ## - SUBJECT ADDED ENTRY--TOPICAL TERM
Topical term or geographic name as entry element तत्वज्ञान-जीवन-मरण.
730 ## - ADDED ENTRY--UNIFORM TITLE
Uniform title मरणात खरोखर जग जगते.
942 ## - ADDED ENTRY ELEMENTS (KOHA)
Koha item type Book
Holdings
Withdrawn status Lost status Damaged status Not for loan Home library Current library Shelving location Date acquired Cost, normal purchase price Total Checkouts Barcode Date last seen Price effective from Koha item type Public note
        Lo. Tilak Granthasangrahalaya, Wai Lo. Tilak Granthasangrahalaya, Wai     300.00   WAITILAKGS-28530 09/21/2010 09/21/2010 Book साखळी योजना